[Event "Anderson mem."]
[Site "Winnipeg CAN"]
[Date "2008.09.21"]
[Round "4"]
[White "Ott, Richard"]
[Black "Letain, Cory"]
[Result "0-1"]
[WhiteElo "1413"]
[BlackElo "1484"]
[PlyCount "60"]
[GameId "2160767910311466"]
[EventDate "2008.09.21"]
[EventType "swiss"]
[EventRounds "5"]
[EventCountry "CAN"]
[SourceTitle "EXT 2011"]
[Source "ChessBase"]
[SourceDate "2011.11.26"]
[SourceVersion "1"]
[SourceVersionDate "2011.11.26"]
[SourceQuality "1"]

1. d4 d5 2. c4 c6 3. Nf3 Nf6 4. Nc3 dxc4 5. e3 b5 6. b3 b4 7. Na4 c3 8. Bd3 a5 9. Ne5 Qc7 10. Qf3 Bb7 11. Nc5 e6 12. Ne4 c5 13. Nxf6+ gxf6 14. Qxf6 Rg8 15. e4 Bg7 16. Qh4 cxd4 17. Bb5+ Nc6 18. Bxc6+ Bxc6 19. Nxc6 Qxc6 20. Qxh7 Kd7 21. O-O Raf8 22. Bf4 d3 23. Rad1 d2 24. Bg3 Ke7 25. Qh4+ Bf6 26. Qf4 Bg5 27. Qe5 Rc8 28. f4 Bf6 29. Bh4 Bxh4 30. Rf3 Qc5+ 0-1

[Event "Anderson mem."]
[Site "Winnipeg CAN"]
[Date "2008.09.21"]
[Round "4"]
[White "Rutter, Blair"]
[Black "Green, Aaron"]
[Result "1-0"]
[WhiteElo "1858"]
[BlackElo "1772"]
[PlyCount "26"]
[GameId "2160767910311467"]
[EventDate "2008.09.21"]
[EventType "swiss"]
[EventRounds "5"]
[EventCountry "CAN"]
[SourceTitle "EXT 2011"]
[Source "ChessBase"]
[SourceDate "2011.11.26"]
[SourceVersion "1"]
[SourceVersionDate "2011.11.26"]
[SourceQuality "1"]

1. b4 a5 2. b5 b6 3. c4 Nf6 4. Nc3 e6 5. e4 d6 6. d3 e5 7. f4 Nbd7 8. Nf3 Bb7 9. Be2 Be7 10. h3 exf4 11. Bxf4 Nc5 12. O-O Ne6 13. Bg3 Nd7 1-0

[Event "Anderson mem."]
[Site "Winnipeg CAN"]
[Date "2008.09.21"]
[Round "5"]
[White "Bince, Rolando"]
[Black "Rutter, Blair"]
[Result "0-1"]
[WhiteElo "1949"]
[BlackElo "1858"]
[PlyCount "28"]
[GameId "2160767910311468"]
[EventDate "2008.09.21"]
[EventType "swiss"]
[EventRounds "5"]
[EventCountry "CAN"]
[SourceTitle "EXT 2011"]
[Source "ChessBase"]
[SourceDate "2011.11.26"]
[SourceVersion "1"]
[SourceVersionDate "2011.11.26"]
[SourceQuality "1"]

1. e4 a6 2. d4 e6 3. c4 d6 4. Nc3 Nd7 5. Nf3 Be7 6. Be3 b6 7. Bd3 Bb7 8. O-O Ngf6 9. Re1 O-O 10. h3 e5 11. d5 Bc8 12. Nh2 Ne8 13. f3 Nc5 14. g4 Bg5 0-1

[Event "Anderson mem."]
[Site "Winnipeg CAN"]
[Date "2008.09.21"]
[Round "5"]
[White "Lipnowski, Samuel"]
[Black "Nikouline, Alexandre"]
[Result "1/2-1/2"]
[WhiteElo "2294"]
[BlackElo "2111"]
[PlyCount "122"]
[GameId "2160767910311469"]
[EventDate "2008.09.21"]
[EventType "swiss"]
[EventRounds "5"]
[EventCountry "CAN"]
[SourceTitle "EXT 2011"]
[Source "ChessBase"]
[SourceDate "2011.11.26"]
[SourceVersion "1"]
[SourceVersionDate "2011.11.26"]
[SourceQuality "1"]

1. b4 e5 2. Bb2 f6 3. a3 d5 4. g3 Be6 5. Bg2 c6 6. Nf3 Nd7 7. d3 a5 8. c3 axb4 9. cxb4 d4 10. Nbd2 Nh6 11. O-O Nf7 12. Rc1 Nd6 13. Nb1 Nb6 14. e3 dxe3 15. fxe3 Nf5 16. Qe2 Na4 17. Ba1 Bd6 18. d4 exd4 19. Nxd4 Nxd4 20. exd4 Kf7 21. d5 cxd5 22. Rcd1 Re8 23. Qh5+ Kg8 24. Bxd5 Qc7 25. Rfe1 Be5 26. Bxe5 fxe5 27. Qxe5 Qxe5 28. Rxe5 Bxd5 29. Rdxd5 Rxe5 30. Rxe5 Rd8 31. Kf2 Rd1 32. Re1 Rd3 33. Re3 Rd1 34. Nc3 Nxc3 35. Rxc3 Rd2+ 36. Kf3 Ra2 37. Ke4 Kf7 38. Kd5 Rxh2 39. Rc7+ Kf6 40. Rxb7 Rg2 41. a4 Rxg3 42. a5 h5 43. Ke4 Ra3 44. Rb6+ Kg5 45. a6 h4 46. b5 h3 47. Rb8 Ra4+ 48. Kf3 Rh4 49. Rc8 h2 50. Rc1 h1=Q+ 51. Rxh1 Rxh1 52. a7 Ra1 53. b6 Ra6 54. b7 Rxa7 55. b8=Q Rf7+ 56. Kg3 Rf6 57. Qe5+ Kg6 58. Qe8+ Kh7 59. Kg4 Rh6 60. Qe4+ Kg8 61. Kg5 Rf6 1/2-1/2

[Event "Anderson mem."]
[Site "Winnipeg CAN"]
[Date "2008.09.21"]
[Round "5"]
[White "Schulz, Waldemar"]
[Black "Green, Jim"]
[Result "1/2-1/2"]
[WhiteElo "2059"]
[BlackElo "1738"]
[PlyCount "41"]
[GameId "2160767910311470"]
[EventDate "2008.09.21"]
[EventType "swiss"]
[EventRounds "5"]
[EventCountry "CAN"]
[SourceTitle "EXT 2011"]
[Source "ChessBase"]
[SourceDate "2011.11.26"]
[SourceVersion "1"]
[SourceVersionDate "2011.11.26"]
[SourceQuality "1"]

1. b4 a6 2. Bb2 d5 3. Nf3 Nf6 4. e3 Bg4 5. Be2 e6 6. a3 Nbd7 7. O-O Be7 8. Nd4 Bxe2 9. Qxe2 c5 10. bxc5 Nxc5 11. c4 Na4 12. Bc3 dxc4 13. Qxc4 Nb6 14. Qb3 Qc7 15. Ba5 Bd8 16. Nc3 Qc4 17. Rab1 Qxb3 18. Rxb3 Nc4 19. Bxd8 Rxd8 20. Rxb7 Nxd2 21. Rc1 1/2-1/2

[Event "Arnprior op"]
[Site "Arnprior CAN"]
[Date "2008.05.03"]
[Round "1"]
[White "Gordon, David"]
[Black "Van Dusen, Eric"]
[Result "1-0"]
[WhiteElo "2232"]
[BlackElo "1929"]
[PlyCount "95"]
[GameId "2160767910350994"]
[EventDate "2008.05.03"]
[EventType "swiss"]
[EventRounds "5"]
[EventCountry "CAN"]

1. d4 Nf6 2. Bg5 Ne4 3. Bf4 d5 4. e3 c5 5. Bd3 Nd6 6. Nf3 Nc6 7. O-O c4 8. Be2 Bf5 9. b3 cxb3 10. axb3 e6 11. c4 Be7 12. c5 Ne4 13. b4 a6 14. Ne5 Nxe5 15. Bxe5 O-O 16. f3 Nf6 17. Nc3 Nd7 18. Bg3 Nb8 19. b5 Bf6 20. Bd6 Re8 21. e4 dxe4 22. fxe4 Bg6 23. e5 Bg5 24. Bf3 Be3+ 25. Kh1 Nd7 26. Bxb7 Ra7 27. bxa6 Qh4 28. Nb5 Rxb7 29. axb7 Be4 30. Ra8 Rxa8 31. bxa8=Q+ Bxa8 32. Qe1 Qg4 33. Qg3 Qe2 34. Ra1 Bc6 35. Na7 Bd5 36. c6 Nb6 37. Bc5 Bf4 38. Qh3 Qb2 39. Rg1 Na8 40. Nc8 Bg5 41. Qg3 Bd8 42. Be7 Nb6 43. Bf6 g6 44. Nd6 Bxf6 45. exf6 Bxc6 46. Nf5 Nd5 47. Nh6+ Kf8 48. Qd6+ 1-0

[Event "Arnprior op"]
[Site "Arnprior CAN"]
[Date "2008.05.04"]
[Round "4"]
[White "Van Dusen, Eric"]
[Black "Smith, Maurice"]
[Result "1-0"]
[WhiteElo "1929"]
[BlackElo "1573"]
[PlyCount "39"]
[GameId "2160767910350995"]
[EventDate "2008.05.03"]
[EventType "swiss"]
[EventRounds "5"]
[EventCountry "CAN"]

1. d4 Nf6 2. c4 c5 3. d5 b5 4. Nf3 bxc4 5. Nc3 d6 6. e4 g6 7. Bxc4 Bg7 8. e5 dxe5 9. Nxe5 O-O 10. O-O Bb7 11. Qb3 Qb6 12. Nb5 a6 13. d6 exd6 14. Bxf7+ Kh8 15. Nxg6+ hxg6 16. Qh3+ Nh5 17. Bxg6 Bh6 18. Qxh5 Kg7 19. Qxh6+ Kf6 20. Bg5+ 1-0

[Event "Back To School op"]
[Site "Edmonton CAN"]
[Date "2008.09.04"]
[Round "1"]
[White "Borger, Rocky"]
[Black "Camphaug, Lincoln"]
[Result "0-1"]
[WhiteElo "1316"]
[BlackElo "1610"]
[PlyCount "73"]
[GameId "2160767910319922"]
[EventDate "2008.09.04"]
[EventType "swiss"]
[EventRounds "4"]
[EventCountry "CAN"]
[SourceTitle "EXT 2011"]
[Source "ChessBase"]
[SourceDate "2011.11.26"]
[SourceVersion "1"]
[SourceVersionDate "2011.11.26"]
[SourceQuality "1"]

1. e4 e5 2. Nf3 Nc6 3. Bb5 a6 4. Ba4 Nf6 5. d3 b5 6. Bb3 h6 7. c3 Be7 8. O-O O-O 9. Re1 d5 10. exd5 Nxd5 11. h3 Qd6 12. d4 e4 13. Rxe4 Bf5 14. Re1 Rad8 15. Bc2 Qg6 16. Bxf5 Qxf5 17. Be3 Rd6 18. Nbd2 Rg6 19. Kh1 Nf4 20. Bxf4 Qxf4 21. d5 Bc5 22. Re4 Qd6 23. dxc6 Bxf2 24. Qe2 Qg3 25. Rg4 Rxg4 26. hxg4 Bc5 27. Qe5 Qf2 28. Rf1 Qe3 29. Qxc7 Qe6 30. Re1 Qxg4 31. Qb7 Qh5+ 32. Nh2 g5 33. g4 Qh4 34. Re2 Qg3 35. Ndf3 Rd8 36. Re1 Rd2 37. c7 0-1

[Event "Back To School op"]
[Site "Edmonton CAN"]
[Date "2008.09.04"]
[Round "1"]
[White "Gardner, Robert"]
[Black "Dean, Tim"]
[Result "1-0"]
[WhiteElo "2205"]
[BlackElo "1961"]
[PlyCount "53"]
[GameId "2160767910319923"]
[EventDate "2008.09.04"]
[EventType "swiss"]
[EventRounds "4"]
[EventCountry "CAN"]
[SourceTitle "EXT 2011"]
[Source "ChessBase"]
[SourceDate "2011.11.26"]
[SourceVersion "1"]
[SourceVersionDate "2011.11.26"]
[SourceQuality "1"]

1. d4 d5 2. c4 e6 3. Nc3 c6 4. cxd5 exd5 5. Nf3 Nf6 6. Bg5 Be7 7. e3 Bf5 8. Bd3 Ne4 9. Bf4 Nd7 10. Qc2 Ndf6 11. h3 O-O 12. g4 Bg6 13. Ne5 Nxc3 14. Nxg6 fxg6 15. bxc3 Bd6 16. Bg5 Qa5 17. f3 Bg3+ 18. Kd2 Ne4+ 19. fxe4 Rf2+ 20. Be2 Qb5 21. Kd1 Qa5 22. exd5 Raf8 23. Be7 R8f7 24. d6 Qd5 25. e4 Qa5 26. Qb3 h6 27. Qb4 1-0

[Event "Back To School op"]
[Site "Edmonton CAN"]
[Date "2008.09.04"]
[Round "1"]
[White "Laboucane, Randy"]
[Black "Hughey, Micah"]
[Result "0-1"]
[WhiteElo "1886"]
[BlackElo "2186"]
[PlyCount "48"]
[GameId "2160767910319924"]
[EventDate "2008.09.04"]
[EventType "swiss"]
[EventRounds "4"]
[EventCountry "CAN"]
[SourceTitle "EXT 2011"]
[Source "ChessBase"]
[SourceDate "2011.11.26"]
[SourceVersion "1"]
[SourceVersionDate "2011.11.26"]
[SourceQuality "1"]

1. d4 d5 2. Nf3 c5 3. e3 Nf6 4. c3 e6 5. Nbd2 Nbd7 6. Bd3 Be7 7. Ne5 Nxe5 8. dxe5 Nd7 9. f4 f5 10. O-O b6 11. g4 g6 12. gxf5 exf5 13. Bb5 Kf8 14. Bc6 Ba6 15. Rf2 Rc8 16. Bxd5 Nxe5 17. Nf3 Nd3 18. Rd2 Qxd5 19. c4 Qxc4 20. b3 Qe4 21. Ba3 Qxe3+ 22. Kh1 Rd8 23. Qf1 Bb7 24. Rxd3 Rxd3 0-1

[Event "Back To School op"]
[Site "Edmonton CAN"]
[Date "2008.09.04"]
[Round "1"]
[White "MacLeod, Damon"]
[Black "Mendryk, Wayne"]
[Result "1-0"]
[WhiteElo "1621"]
[BlackElo "1444"]
[PlyCount "53"]
[GameId "2160767910319925"]
[EventDate "2008.09.04"]
[EventType "swiss"]
[EventRounds "4"]
[EventCountry "CAN"]
[SourceTitle "EXT 2011"]
[Source "ChessBase"]
[SourceDate "2011.11.26"]
[SourceVersion "1"]
[SourceVersionDate "2011.11.26"]
[SourceQuality "1"]

1. e4 c5 2. Nf3 d6 3. Bb5+ Bd7 4. Bxd7+ Qxd7 5. O-O Nc6 6. Qe2 Nf6 7. Rd1 g6 8. c3 Bg7 9. d4 cxd4 10. cxd4 a6 11. Nc3 Qc7 12. e5 dxe5 13. dxe5 Ng4 14. e6 Nd4 15. exf7+ Kf8 16. Rxd4 Bxd4 17. Bh6+ Nxh6 18. Nxd4 Qd7 19. Rd1 Qg4 20. Qe5 Nxf7 21. Ne6+ Ke8 22. Qd5 Nd6 23. Nc7+ Kd7 24. Nxa8 Rxa8 25. Qxb7+ Ke6 26. Qxa8 Qc4 27. Qd5+ 1-0

[Event "Back To School op"]
[Site "Edmonton CAN"]
[Date "2008.09.04"]
[Round "1"]
[White "Nolan, Pat"]
[Black "Sauve, Steve"]
[Result "1-0"]
[WhiteElo "1527"]
[BlackElo "1680"]
[PlyCount "115"]
[GameId "2160767910319926"]
[EventDate "2008.09.04"]
[EventType "swiss"]
[EventRounds "4"]
[EventCountry "CAN"]
[SourceTitle "EXT 2011"]
[Source "ChessBase"]
[SourceDate "2011.11.26"]
[SourceVersion "1"]
[SourceVersionDate "2011.11.26"]
[SourceQuality "1"]

1. d4 d5 2. c4 c6 3. Nf3 Nf6 4. Nc3 Bg4 5. Bf4 Nbd7 6. h3 Bxf3 7. exf3 g6 8. Rc1 Bg7 9. Bd3 O-O 10. O-O a6 11. Re1 Re8 12. Qb3 dxc4 13. Bxc4 e6 14. Qxb7 Nd5 15. Bd6 Bxd4 16. Qxc6 N7b6 17. Bxd5 Nxd5 18. Nxd5 exd5 19. Qxd5 Bxb2 20. Rxe8+ Qxe8 21. Rc7 Qe1+ 22. Kh2 Rf8 23. f4 Qxf2 24. Qc4 Bd4 25. Qc1 Re8 26. Re7 Rf8 27. Qd1 h5 28. Re2 Qg1+ 29. Qxg1 Bxg1+ 30. Kxg1 Rd8 31. Bb4 Rd7 32. h4 Kg7 33. Re8 Rb7 34. a3 Kf6 35. Re5 Kg7 36. Re7 Rb5 37. g3 a5 38. Bd6 Kf6 39. Re5 Rb1+ 40. Kg2 Rd1 41. Bc7 a4 42. Ba5 Rd3 43. Bb4 Kg7 44. Ra5 Kf6 45. Rxa4 Kf5 46. Be1 Kg4 47. Ra7 Rb3 48. a4 Ra3 49. a5 Ra2+ 50. Bf2 f6 51. Ra8 g5 52. fxg5 fxg5 53. hxg5 Kxg5 54. a6 Kf5 55. a7 Ke6 56. Re8+ Kd7 57. a8=Q Rxa8 58. Rxa8 1-0

[Event "Back To School op"]
[Site "Edmonton CAN"]
[Date "2008.09.04"]
[Round "1"]
[White "Razzaq, Ali"]
[Black "Wihnon, Jason"]
[Result "0-1"]
[WhiteElo "1823"]
[BlackElo "1737"]
[PlyCount "100"]
[GameId "2160767910319927"]
[EventDate "2008.09.04"]
[EventType "swiss"]
[EventRounds "4"]
[EventCountry "CAN"]
[SourceTitle "EXT 2011"]
[Source "ChessBase"]
[SourceDate "2011.11.26"]
[SourceVersion "1"]
[SourceVersionDate "2011.11.26"]
[SourceQuality "1"]

1. d4 Nf6 2. c4 g6 3. Nc3 d5 4. cxd5 Nxd5 5. e4 Nxc3 6. bxc3 Bg7 7. Bc4 c5 8. Ne2 Nc6 9. Be3 O-O 10. O-O cxd4 11. cxd4 Bg4 12. f3 Na5 13. Rc1 Nxc4 14. Rxc4 Bd7 15. Qd2 Bb5 16. Rb4 Bxe2 17. Qxe2 a5 18. Rxb7 Bxd4 19. Bxd4 Qxd4+ 20. Qf2 Qd6 21. Qe3 Rfb8 22. Rfb1 Rxb7 23. Rxb7 Rb8 24. Rxb8+ Qxb8 25. Qb3 Qa7+ 26. Kf1 e6 27. g3 Qd4 28. Kg2 h5 29. a4 Qd2+ 30. Kh3 Kg7 31. Qb5 Qb4 32. Qd7 Qc4 33. Qd1 g5 34. Kg2 Qa2+ 35. Kg1 Qc4 36. Kf2 Qa2+ 37. Ke3 Qxh2 38. Qd4+ Kg6 39. Qd8 Qg1+ 40. Ke2 Qg2+ 41. Ke3 Qg1+ 42. Ke2 Qxg3 43. Qxa5 Qg2+ 44. Ke3 Qf1 45. Qd2 h4 46. a5 h3 47. Qa2 Qg1+ 48. Qf2 h2 49. a6 h1=Q 50. a7 Qc1+ 0-1

[Event "Back To School op"]
[Site "Edmonton CAN"]
[Date "2008.09.04"]
[Round "1"]
[White "Stark, Mark"]
[Black "Pechenkin, Vladimir"]
[Result "0-1"]
[WhiteElo "1968"]
[BlackElo "2313"]
[PlyCount "98"]
[GameId "2160767910319930"]
[EventDate "2008.09.04"]
[EventType "swiss"]
[EventRounds "4"]
[EventCountry "CAN"]
[SourceTitle "EXT 2011"]
[Source "ChessBase"]
[SourceDate "2011.11.26"]
[SourceVersion "1"]
[SourceVersionDate "2011.11.26"]
[SourceQuality "1"]

1. d4 f5 2. Bf4 Nf6 3. e3 e6 4. Nf3 b6 5. Bd3 Bb7 6. O-O Be7 7. Nc3 O-O 8. Qe2 Nh5 9. Rfe1 Nxf4 10. exf4 Bf6 11. Ne5 Nc6 12. Nxc6 Bxc6 13. Qe3 Qc8 14. Rad1 Qb7 15. Bf1 b5 16. Ne2 a5 17. Nc1 Bd5 18. c3 a4 19. Rd2 h6 20. Qh3 Rac8 21. Re3 a3 22. b4 d6 23. Nd3 Kh7 24. Rg3 Rg8 25. Qh5 g6 26. Qh3 Qc6 27. Ne1 Qe8 28. Bd3 c6 29. Re2 Rc7 30. Nf3 Re7 31. Ng5+ Kg7 32. Nf3 Qf7 33. Ne1 Rh8 34. Qh5 g5 35. Qxf7+ Kxf7 36. fxg5 hxg5 37. h3 f4 38. Rg4 e5 39. Bf5 exd4 40. Rxe7+ Bxe7 41. Nc2 dxc3 42. h4 Rxh4 43. Rxh4 gxh4 44. Nxa3 Bxa2 45. Kf1 d5 46. Nc2 Bc4+ 47. Ke1 c5 48. bxc5 Bxc5 49. Bd7 b4 0-1

[Event "Back To School op"]
[Site "Edmonton CAN"]
[Date "2008.09.04"]
[Round "1"]
[White "Thomas, Derek"]
[Black "Seehagen, Terry"]
[Result "1-0"]
[WhiteElo "1462"]
[BlackElo "1634"]
[PlyCount "57"]
[GameId "2160767910319931"]
[EventDate "2008.09.04"]
[EventType "swiss"]
[EventRounds "4"]
[EventCountry "CAN"]
[SourceTitle "EXT 2011"]
[Source "ChessBase"]
[SourceDate "2011.11.26"]
[SourceVersion "1"]
[SourceVersionDate "2011.11.26"]
[SourceQuality "1"]

1. d4 Nf6 2. c4 e5 3. dxe5 Ng4 4. Nf3 Bc5 5. e3 Nc6 6. a3 a5 7. Bd2 O-O 8. Bc3 Qe7 9. Bd3 Ncxe5 10. Nxe5 Nxe5 11. Bxe5 Qxe5 12. Qc2 h6 13. Nc3 Qg5 14. O-O d5 15. Nxd5 Bd6 16. f4 Qh4 17. Qf2 Qh5 18. Qg3 Kh8 19. Qf3 Bg4 20. Qf2 c6 21. Nc3 Rfe8 22. Ne4 Bf8 23. f5 Rad8 24. Bc2 Re5 25. Ng3 Qg5 26. Qf4 Rxe3 27. f6 Qc5 28. Kh1 Rd4 29. Qxe3 1-0

[Event "Back To School op"]
[Site "Edmonton CAN"]
[Date "2008.09.04"]
[Round "1"]
[White "Wu, Allan"]
[Black "Grumic, Sasha"]
[Result "0-1"]
[WhiteElo "1861"]
[BlackElo "2121"]
[PlyCount "58"]
[GameId "2160767910319932"]
[EventDate "2008.09.04"]
[EventType "swiss"]
[EventRounds "4"]
[EventCountry "CAN"]
[SourceTitle "EXT 2011"]
[Source "ChessBase"]
[SourceDate "2011.11.26"]
[SourceVersion "1"]
[SourceVersionDate "2011.11.26"]
[SourceQuality "1"]

1. c4 Nf6 2. Nf3 g6 3. Nc3 Bg7 4. d4 c5 5. g3 cxd4 6. Nxd4 Nc6 7. Bg2 O-O 8. O-O Qb6 9. Ndb5 a6 10. Be3 Qd8 11. Nd4 Qa5 12. Rb1 Ng4 13. Nb3 Qh5 14. h3 Nxe3 15. fxe3 Qg5 16. Kh2 d6 17. Nd4 h5 18. Nd5 h4 19. gxh4 Be5+ 20. Kh1 Qg3 21. Nf3 Bxh3 22. Rg1 Bg4 23. Qe1 Qxe1 24. Rbxe1 Bg3 25. Rd1 Kg7 26. Bf1 Bxf3+ 27. exf3 Bxh4 28. Bh3 e6 29. Nf4 Bf2 0-1

[Event "Back To School op"]
[Site "Edmonton CAN"]
[Date "2008.09.11"]
[Round "2"]
[White "Bolayol, Santino"]
[Black "Stark, Mark"]
[Result "1-0"]
[WhiteElo "1832"]
[BlackElo "1968"]
[PlyCount "65"]
[GameId "2160767910319934"]
[EventDate "2008.09.04"]
[EventType "swiss"]
[EventRounds "4"]
[EventCountry "CAN"]
[SourceTitle "EXT 2011"]
[Source "ChessBase"]
[SourceDate "2011.11.26"]
[SourceVersion "1"]
[SourceVersionDate "2011.11.26"]
[SourceQuality "1"]

1. e4 g6 2. Bc4 Bg7 3. Nf3 e6 4. e5 d6 5. exd6 cxd6 6. O-O Ne7 7. d4 Qc7 8. Na3 a6 9. Bf4 Nd7 10. Be2 Nb6 11. c4 Qd8 12. Qc2 O-O 13. Qc1 Nf5 14. Rd1 Nxd4 15. Nxd4 e5 16. Bh6 exd4 17. Bxg7 Kxg7 18. Rxd4 Qf6 19. Rf4 Qe7 20. Qc3+ Kg8 21. Re1 Be6 22. b3 Rac8 23. Nc2 Qg5 24. Qd4 d5 25. g3 dxc4 26. Qxb6 cxb3 27. Nd4 Bd5 28. h4 Qe7 29. axb3 Rc3 30. Qf6 Qd7 31. Nf5 gxf5 32. Rxf5 Qxf5 33. Qxf5 1-0

[Event "Back To School op"]
[Site "Edmonton CAN"]
[Date "2008.09.11"]
[Round "2"]
[White "Camphaug, Lincoln"]
[Black "Wu, Allan"]
[Result "1/2-1/2"]
[WhiteElo "1610"]
[BlackElo "1861"]
[PlyCount "76"]
[GameId "2160767910319935"]
[EventDate "2008.09.04"]
[EventType "swiss"]
[EventRounds "4"]
[EventCountry "CAN"]
[SourceTitle "EXT 2011"]
[Source "ChessBase"]
[SourceDate "2011.11.26"]
[SourceVersion "1"]
[SourceVersionDate "2011.11.26"]
[SourceQuality "1"]

1. e4 c5 2. c4 Nc6 3. Nc3 d6 4. g3 Nf6 5. Bg2 g6 6. Nf3 Bg7 7. O-O Bg4 8. h3 Bh5 9. d3 Nd4 10. Be3 Nxf3+ 11. Bxf3 Bxf3 12. Qxf3 Nd7 13. Qd1 Ne5 14. f4 Nc6 15. Qa4 Rc8 16. Rab1 Qd7 17. Kg2 O-O 18. a3 Qd8 19. Ne2 a6 20. b4 Ra8 21. Rfd1 Nd4 22. Nxd4 cxd4 23. Bd2 b5 24. Qb3 Qb6 25. Rdc1 Rfc8 26. a4 Rab8 27. cxb5 axb5 28. a5 Qa6 29. Rxc8+ Qxc8 30. Rc1 Qd7 31. Qc2 Qe6 32. a6 Ra8 33. Qc6 Ra7 34. Qb6 Qa2 35. Rc8+ Bf8 36. Qxa7 Qxd2+ 37. Kg1 Qe1+ 38. Kg2 Qe2+ 1/2-1/2

[Event "Back To School op"]
[Site "Edmonton CAN"]
[Date "2008.09.11"]
[Round "2"]
[White "Dean, Tim"]
[Black "Wihnon, Jason"]
[Result "1-0"]
[WhiteElo "1961"]
[BlackElo "1737"]
[PlyCount "65"]
[GameId "2160767910319936"]
[EventDate "2008.09.04"]
[EventType "swiss"]
[EventRounds "4"]
[EventCountry "CAN"]
[SourceTitle "EXT 2011"]
[Source "ChessBase"]
[SourceDate "2011.11.26"]
[SourceVersion "1"]
[SourceVersionDate "2011.11.26"]
[SourceQuality "1"]

1. e4 e5 2. Nf3 Nc6 3. Bb5 Nf6 4. O-O Nxe4 5. d4 Nd6 6. Bxc6 dxc6 7. dxe5 Nf5 8. Qxd8+ Kxd8 9. Nc3 Bb4 10. Bd2 Ke8 11. Rad1 Bd7 12. Ne4 Be7 13. Rfe1 h6 14. Nf6+ gxf6 15. exf6 Be6 16. fxe7 Kxe7 17. Bb4+ Nd6 18. Nd4 Kd7 19. Nxe6 fxe6 20. Re3 Raf8 21. Red3 Rd8 22. Bxd6 cxd6 23. Rxd6+ Ke7 24. Rxd8 Rxd8 25. Rxd8 Kxd8 26. f4 Ke7 27. g4 Kf6 28. h4 c5 29. Kf2 b5 30. Ke3 a5 31. b3 e5 32. g5+ hxg5 33. fxg5+ 1-0

[Event "Back To School op"]
[Site "Edmonton CAN"]
[Date "2008.09.11"]
[Round "2"]
[White "Grumic, Sasha"]
[Black "Haynes, Nicolas"]
[Result "1-0"]
[WhiteElo "2121"]
[BlackElo "2220"]
[PlyCount "53"]
[GameId "2160767910319937"]
[EventDate "2008.09.04"]
[EventType "swiss"]
[EventRounds "4"]
[EventCountry "CAN"]
[SourceTitle "EXT 2011"]
[Source "ChessBase"]
[SourceDate "2011.11.26"]
[SourceVersion "1"]
[SourceVersionDate "2011.11.26"]
[SourceQuality "1"]

1. Nf3 Nf6 2. g3 d5 3. Bg2 c6 4. b3 Bf5 5. c4 e6 6. O-O h6 7. Bb2 Be7 8. d3 O-O 9. Nbd2 Nbd7 10. Qc2 Bh7 11. a3 a5 12. Rac1 Re8 13. Qc3 Bd6 14. e4 e5 15. Nh4 dxe4 16. Nxe4 Be7 17. Rcd1 Nxe4 18. dxe4 Bxh4 19. gxh4 Qe7 20. f4 Nc5 21. Qg3 Nxe4 22. Bxe4 Bxe4 23. fxe5 Rad8 24. Rd6 g6 25. e6 Qxd6 26. exf7+ Kf8 27. Qe3 1-0

[Event "Back To School op"]
[Site "Edmonton CAN"]
[Date "2008.09.11"]
[Round "2"]
[White "McKay, Arnold"]
[Black "Pedersen, Rick"]
[Result "0-1"]
[WhiteElo "1841"]
[BlackElo "1930"]
[PlyCount "84"]
[GameId "2160767910319938"]
[EventDate "2008.09.04"]
[EventType "swiss"]
[EventRounds "4"]
[EventCountry "CAN"]
[SourceTitle "EXT 2011"]
[Source "ChessBase"]
[SourceDate "2011.11.26"]
[SourceVersion "1"]
[SourceVersionDate "2011.11.26"]
[SourceQuality "1"]

1. d4 Nf6 2. c4 g6 3. Nc3 Bg7 4. Bg5 d6 5. Nf3 Na6 6. e3 c5 7. Be2 h6 8. Bh4 O-O 9. O-O Bf5 10. a3 Qd7 11. Nd2 g5 12. Bg3 Nc7 13. d5 a6 14. e4 Bg6 15. f4 e6 16. e5 Nfe8 17. exd6 Nxd6 18. fxg5 hxg5 19. Nf3 exd5 20. Nxd5 Nxd5 21. Qxd5 Rfd8 22. Ne5 Bxe5 23. Bxe5 Ne4 24. Qxd7 Rxd7 25. Rad1 Rad8 26. Rxd7 Rxd7 27. Bg4 Rd2 28. Rd1 f5 29. Bf3 Rxd1+ 30. Bxd1 Kf7 31. g3 Ke6 32. Bb8 Kd7 33. Bc2 Nd2 34. b3 Nf3+ 35. Kh1 Nd4 36. Bd1 Nc6 37. Bf4 gxf4 38. gxf4 Nd4 39. Kg2 Bf7 40. Kg3 Ke7 41. a4 a5 42. h4 Kf6 0-1

[Event "Back To School op"]
[Site "Edmonton CAN"]
[Date "2008.09.11"]
[Round "2"]
[White "Nolan, Pat"]
[Black "Razzaq, Ali"]
[Result "0-1"]
[WhiteElo "1527"]
[BlackElo "1823"]
[PlyCount "60"]
[GameId "2160767910319939"]
[EventDate "2008.09.04"]
[EventType "swiss"]
[EventRounds "4"]
[EventCountry "CAN"]
[SourceTitle "EXT 2011"]
[Source "ChessBase"]
[SourceDate "2011.11.26"]
[SourceVersion "1"]
[SourceVersionDate "2011.11.26"]
[SourceQuality "1"]

1. d4 d5 2. c4 c6 3. Nf3 Nf6 4. h3 dxc4 5. Bf4 Bf5 6. e3 Qa5+ 7. Nc3 b5 8. a3 Nd5 9. Rc1 e6 10. Bxb8 Rxb8 11. Ne5 Rc8 12. Be2 Nxc3 13. Rxc3 Bxa3 14. Qd2 Bb4 15. O-O Bxc3 16. bxc3 O-O 17. Bf3 c5 18. Nd7 Rfd8 19. Nxc5 Rxc5 20. Qb2 Rcc8 21. Ra1 Qb6 22. Qb4 e5 23. Ra5 a6 24. Qa3 exd4 25. Rxa6 Qc5 26. Qa5 dxc3 27. Qxc3 b4 28. Qa1 c3 29. Ra5 Qxa5 30. Qxa5 c2 0-1

[Event "Back To School op"]
[Site "Edmonton CAN"]
[Date "2008.09.11"]
[Round "2"]
[White "Pechenkin, Vladimir"]
[Black "Hughey, Micah"]
[Result "1/2-1/2"]
[WhiteElo "2313"]
[BlackElo "2186"]
[PlyCount "93"]
[GameId "2160767910319940"]
[EventDate "2008.09.04"]
[EventType "swiss"]
[EventRounds "4"]
[EventCountry "CAN"]
[SourceTitle "EXT 2011"]
[Source "ChessBase"]
[SourceDate "2011.11.26"]
[SourceVersion "1"]
[SourceVersionDate "2011.11.26"]
[SourceQuality "1"]

1. f4 e5 2. fxe5 d6 3. exd6 Bxd6 4. Nf3 g5 5. g3 g4 6. Nh4 Be7 7. Ng2 h5 8. Nf4 h4 9. Bg2 Nf6 10. d4 Nc6 11. c3 Bf5 12. Nd2 h3 13. Bf1 Nxd4 14. cxd4 Qxd4 15. e3 Qxe3+ 16. Qe2 Qd4 17. Qc4 Qe3+ 18. Be2 O-O-O 19. Nb3 Qb6 20. Qb5 Bb4+ 21. Bd2 Rxd2 22. Nxd2 Bxd2+ 23. Kxd2 Ne4+ 24. Ke1 Qf2+ 25. Kd1 Rd8+ 26. Nd3 c6 27. Qc4 Rd4 28. Qc2 Nc5 29. Qxc5 Rxd3+ 30. Bxd3 Qxc5 31. Bxf5+ Qxf5 32. Kd2 Qd5+ 33. Kc2 b5 34. a3 Qg2+ 35. Kb3 Qd5+ 36. Kc2 Qg2+ 37. Kc3 c5 38. Rag1 b4+ 39. axb4 cxb4+ 40. Kb3 Qb7 41. Rc1+ Kb8 42. Rhd1 a5 43. Ka4 Qg2 44. Kxa5 Qxb2 45. Rd8+ Kb7 46. Rd7+ Kb8 47. Rd8+ 1/2-1/2